000 00810nam a22002177a 4500
005 20240530110924.0
008 180910s1994 ua g b 000 0 ara d
040 _aEG-CaGPL
_cEG-CaGPL
082 0 4 _221
_a346.02 /
_bم ف
100 0 _aمحمد محمود المصرى
245 1 2 _aالفسخ والانفساخ والتفاسخ فى ضوء القضاء والفقه /
_cتأليف محمد محمود المصرى ، محمد احمد عابدين
250 _aط.1
260 _aالاسكندرية :
_bمنشأة المعارف ،
_c1994
300 _a203 ص. ؛
_c24 سم.
650 0 7 _2qrmak
_aالفسخ
650 0 7 _2qrmak
_aالقانون المدنى
651 _2qrmak
700 _aمحمد احمد عابدين
_eمؤلف
942 _2ddc
_cBK
999 _c66540
_d66540